[Event "Wch Blitz"]
[Site "Samarkand"]
[Date "2023.12.29"]
[Round "11"]
[White "Bharath, Subramaniyam H"]
[Black "Mamedyarov, Shakhriyar"]
[Result "0-1"]
[WhiteElo "2504"]
[BlackElo "2723"]
[PlyCount "66"]
[EventDate "2023.12.29"]
[EventType "swiss (blitz)"]
[EventRounds "21"]
[EventCountry "UZB"]
[SourceTitle "CB01_2024"]
[SourceDate "2024.01.03"]
[SourceVersion "1"]
[SourceVersionDate "2024.01.03"]
[SourceQuality "1"]

1. e4 e5 2. Nf3 Nc6 3. d4 exd4 4. Nxd4 Qf6 5. Nf3 Bb4+ 6. c3 Bc5 7. Be2 Nge7 8. 0-0 h6 9. Qc2 d6 10. b4 Bb6 11. Nbd2 Ng6 12. Nc4 Be6 13. a4 Bxc4 14. Bxc4 a5 15. b5 Nce5 16. Nxe5 Nxe5 17. Be2 g5 18. Kh1 g4 19. c4 h5 20. Bb2 Qf4 21. Bc1 Qf6 22. Bb2 Qg5 23. Rad1 0-0-0 24. Rd5 f6 25. Bc1 Qg6 26. Ba3 h4 27. c5 dxc5 28. Rfd1 Rxd5 29. Rxd5 g3 30. f4 h3 31. fxe5 hxg2+ 32. Kxg2 gxh2+ 33. Kf2 Qg1+ 0-1

[Event "Wch Blitz"]
[Site "Samarkand"]
[Date "2023.12.29"]
[Round "4"]
[White "Jobava, Baadur"]
[Black "Bharath, Subramaniyam H"]
[Result "0-1"]
[WhiteElo "2591"]
[BlackElo "2504"]
[PlyCount "150"]
[EventDate "2023.12.29"]
[EventType "swiss (blitz)"]
[EventRounds "21"]
[EventCountry "UZB"]
[SourceTitle "CB01_2024"]
[SourceDate "2024.01.03"]
[SourceVersion "1"]
[SourceVersionDate "2024.01.03"]
[SourceQuality "1"]

1. b3 e5 2. Bb2 Nc6 3. e3 Nf6 4. h3 d5 5. Bb5 Bd6 6. Nf3 Qe7 7. d4 e4 8. Ne5 0-0 9. Nxc6 bxc6 10. Bxc6 Rb8 11. Nc3 Be6 12. Bb5 c6 13. Be2 Nd7 14. Qd2 a5 15. Na4 f5 16. g3 Nb6 17. Nc5 a4 18. Bc3 Ra8 19. h4 axb3 20. cxb3 Bf7 21. Rc1 Nd7 22. Bb4 Rfb8 23. 0-0 Nf6 24. a3 Bh5 25. Kg2 Bf3+ 26. Bxf3 exf3+ 27. Kxf3 Bxc5 28. dxc5 Qe4+ 29. Ke2 Qg4+ 30. Ke1 Ne4 31. Qe2 Qg6 32. Qd3 Re8 33. Kd1 Qh5+ 34. Qe2 Qf7 35. Kc2 d4 36. Qc4 Qxc4+ 37. bxc4 dxe3 38. fxe3 Nxg3 39. Rf3 Ne4 40. Rxf5 Nf6 41. Re1 Re4 42. Rf4 Re6 43. Kb3 Nd7 44. Rd4 Ne5 45. Red1 Nf7 46. R1d3 h6 47. a4 g5 48. a5 Kg7 49. h5 Ne5 50. Rd1 g4 51. Bc3 Kf7 52. Rf4+ Ke7 53. Rd6 Rxd6 54. cxd6+ Kxd6 55. Rf6+ Ke7 56. Bxe5 Rxa5 57. Bc3 Rxh5 58. Rg6 Rh4 59. Bf6+ Kf7 60. Bxh4 Kxg6 61. e4 Kh5 62. Bg3 Kg5 63. e5 h5 64. Be1 Kf5 65. Bg3 Kg5 66. e6 Kf6 67. Kb4 Kxe6 68. Kc5 Kf5 69. Kxc6 Kg5 70. Kd5 h4 71. Bd6 g3 72. Ke4 Kg4 73. c5 h3 74. c6 h2 75. c7 h1Q+ 0-1

[Event "Wch Blitz"]
[Site "Samarkand"]
[Date "2023.12.29"]
[Round "10"]
[White "Korobov, Anton"]
[Black "Bharath, Subramaniyam H"]
[Result "1/2-1/2"]
[WhiteElo "2672"]
[BlackElo "2504"]
[PlyCount "139"]
[EventDate "2023.12.29"]
[EventType "swiss (blitz)"]
[EventRounds "21"]
[EventCountry "UZB"]
[SourceTitle "CB01_2024"]
[SourceDate "2024.01.03"]
[SourceVersion "1"]
[SourceVersionDate "2024.01.03"]
[SourceQuality "1"]

1. c4 Nf6 2. Nc3 c5 3. g3 g6 4. Bg2 Bg7 5. e3 0-0 6. Nge2 Nc6 7. 0-0 d6 8. a3 Bd7 9. Rb1 Rb8 10. b4 b6 11. d4 cxd4 12. exd4 Rc8 13. Qb3 Bf5 14. Rb2 Qd7 15. Rd1 Bh3 16. Bh1 Bg4 17. Be3 Qf5 18. Rdd2 Bf3 19. Qc2 Bxh1 20. Qxf5 gxf5 21. Kxh1 Ng4 22. Rbc2 Nxe3 23. fxe3 Bh6 24. Nf4 e6 25. Kg2 Rfd8 26. Kf2 Kf8 27. d5 Ne5 28. dxe6 Nxc4 29. Ncd5 Bg5 30. Rd3 Re8 31. exf7 Kxf7 32. b5 Bxf4 33. gxf4 Rc5 34. a4 Rec8 35. Nb4 Nxe3 36. Rxc5 Ng4+ 37. Kg3 Rxc5 38. Rxd6 Rc3+ 39. Kh4 Rc4 40. Nd5 Rxa4 41. h3 Nf2 42. Rf6+ Kg7 43. Rxf5 Ra3 44. Re5 h6 45. Re7+ Kg6 46. Re6+ Kg7 47. Re7+ Kg6 48. Re6+ Kf7 49. Re7+ Kf8 50. Kh5 Rd3 51. Rd7 Rxh3+ 52. Kg6 Rg3+ 53. Kf5 h5 54. Nf6 h4 55. Nh7+ Ke8 56. Nf6+ Kf8 57. Rxa7 h3 58. Rh7 Nd3 59. Rh8+ Ke7 60. Nd5+ Kd6 61. Nxb6 Kc5 62. Nd7+ Kxb5 63. Ne5 Nf2 64. Ke6 Rg2 65. Nf3 Rg6+ 66. Kf5 Rg3 67. Ng5 Kc6 68. Ne4 Nxe4 69. Kxe4 Kd6 70. f5 1/2-1/2